000
00340 a2200157 4500
001
68059
020
_a
9783126765244
040
_c
Anchieta - Pituba
100
_a
Motta, Giorgio
240
1
0
_a
Deutsch echt einfach A1
_l
245
1
0
_a
Deutsch echt einfach A1
300
_a
84
362
0
_a
2016
650
4
_a
Língua alemã
942
_c
BK
999
_c
68059
_d
68059